[Event "POLFINAL MISTRZOSTW POLSKI JUNIOROW 2017 - C13"]
[Site "Jastrzebia Gora"]
[Date "2017-11-15"]
[Round "5.15"]
[White "Grzechowiak, Kacper"]
[Black "Bekier, Piotr"]
[Result "0-1"]
[WhiteTitle "II"]
[BlackTitle "II"]
[WhiteElo "1289"]
[BlackElo "1193"]

1. e4 e6 2. d4 d5 3. Nc3 Bb4 4. exd5 exd5 5. Bd3 Ne7 6. h3 c6 7. Bd2 O-O 8. Qh5
Ng6 9. Nge2 Nd7 10. Qf3 Re8 11. O-O-O b5 12. a3 Ba5 13. Bxg6 fxg6 14. Rhe1 Bc7
15. Nf4 Bxf4 16. Rxe8+ Qxe8 17. Bxf4 Nb6 18. g4 Qf8 19. Qg3 a5 20. Na2 Ba6 21.
Bd2 Nc4 22. Kb1 Nxd2+ 23. Rxd2 Qe7 24. Rd1 b4 25. a4 Qe2 26. Rc1 Qe7 27. Qe5 Qxe5
28. dxe5 Re8 29. f4 g5 30. f5 Rxe5 31. c3 b3 32. Nb4 axb4 33. cxb4 Bc4 34. Rd1
Re3 35. Kc1 Re2 36. b5 Rc2+ 37. Kb1 cxb5 38. axb5 Bxb5 39. Rxd5 Bc6 40. Rd3 Be4
41. Rd1 Rc4+ 42. Ka1 Ra4# 0-1

[Event "POLFINAL MISTRZOSTW POLSKI JUNIOROW 2017 - C13"]
[Site "Jastrzebia Gora"]
[Date "2017-11-15"]
[Round "6.1"]
[White "Panek, Bartosz"]
[Black "Dzida, Kamil"]
[Result "1-0"]
[WhiteTitle "I"]
[BlackTitle "I++"]
[WhiteElo "1618"]
[BlackElo "1881"]

1. e4 c5 2. Nf3 d6 3. d4 cxd4 4. Nxd4 Nf6 5. Nc3 a6 6. Qf3 e6 7. g4 Be7 8. g5 Nfd7
9. h4 Nc6 10. Nxc6 bxc6 11. Bf4 Rb8 12. O-O-O Qb6 13. b3 Ne5 14. Qg3 Qa5 15. Bd2
Qa3+ 16. Kb1 a5 17. Ka1 Nd7 18. Bd3 a4 19. Nxa4 Ra8 20. Bc1 Qb4 21. Bb2 O-O 22.
h5 Nc5 23. g6 e5 24. h6 hxg6 25. hxg7 Kxg7 26. Bc3 Qa3 27. Bxe5+ dxe5 28. Qxe5+
Bf6 29. Rh7+ Kxh7 30. Qxf6 Kg8 31. Bc4 Be6 32. Rh1 Qxa2+ 33. Kxa2 1-0

[Event "POLFINAL MISTRZOSTW POLSKI JUNIOROW 2017 - C13"]
[Site "Jastrzebia Gora"]
[Date "2017-11-15"]
[Round "6.2"]
[White "Czarnomski, Dominik"]
[Black "Kosior, Jan"]
[Result "1/2-1/2"]
[WhiteTitle "II"]
[BlackTitle "II"]
[WhiteElo "1532"]
[BlackElo "1605"]

1. e4 c5 2. Nf3 d6 3. d4 cxd4 4. Nxd4 Nf6 5. Nc3 a6 6. Be2 e5 7. Nb3 Be7 8. O-O
O-O 9. Bg5 h6 10. Bxf6 Bxf6 11. Bc4 Be6 12. Bd5 Nc6 13. a3 Qc7 14. Re1 Ne7 15.
Re2 Rac8 16. Qd3 Rfd8 17. Rd1 Bxd5 18. Nxd5 Nxd5 19. Qxd5 Qc4 20. Qxc4 Rxc4 21.
c3 Bg5 22. g3 Rc7 23. h4 Be7 24. Rd3 g5 25. hxg5 Bxg5 26. Nd2 Bxd2 27. Rexd2 Rcd7
28. Kf1 f6 29. Ke2 Kf7 30. g4 b5 31. Kd1 Ke6 32. Rd5 h5 33. gxh5 Rh8 34. Kc2 Rxh5
35. Kb3 Rh8 36. Kb4 Rc8 37. f3 Rc6 38. Kb3 Rc5 39. Rxc5 dxc5 40. Rxd7 Kxd7 41.
c4 1/2-1/2

[Event "POLFINAL MISTRZOSTW POLSKI JUNIOROW 2017 - C13"]
[Site "Jastrzebia Gora"]
[Date "2017-11-15"]
[Round "6.3"]
[White "Topola, Rafal"]
[Black "Iwaszkiewicz, Krzysztof"]
[Result "1/2-1/2"]
[WhiteTitle "I"]
[BlackTitle "II"]
[WhiteElo "1535"]
[BlackElo "1542"]

1. e4 c5 2. Nf3 Nc6 3. d4 cxd4 4. Nxd4 g6 5. c4 Nf6 6. Nc3 Nxd4 7. Qxd4 d6 8. f3
Bg7 9. Be3 O-O 10. Qd2 a5 11. Na4 Be6 12. Nb6 Ra7 13. Rc1 Re8 14. b3 Qb8 15. Be2
Rd8 16. Nd5 Nxd5 17. cxd5 Bd7 18. Bxa7 Qxa7 19. Bd3 Bd4 20. Ke2 Bc5 21. Qg5 f6
22. Qd2 b5 23. h4 Rf8 24. g4 b4 25. g5 f5 26. Rcf1 f4 27. Bc4 Bd4 28. h5 Bc3 29.
Qd3 Be8 30. h6 Bd7 1/2-1/2

[Event "POLFINAL MISTRZOSTW POLSKI JUNIOROW 2017 - C13"]
[Site "Jastrzebia Gora"]
[Date "2017-11-15"]
[Round "6.4"]
[White "Kietrys, Maciej"]
[Black "Oleksy, Krzysztof"]
[Result "1/2-1/2"]
[WhiteTitle "I"]
[BlackTitle "I"]
[WhiteElo "1537"]
[BlackElo "1496"]

1. e4 d5 2. exd5 Nf6 3. d4 Nxd5 4. Nf3 Bg4 5. Be2 e6 6. c3 Nc6 7. h3 Bxf3 8. Bxf3
Be7 9. Qe2 O-O 10. O-O Bg5 11. Nd2 Bxd2 12. Bxd2 a6 13. Rfe1 Qf6 14. Bxd5 exd5
15. Qh5 Qd6 16. Re2 Rae8 17. Rae1 Rxe2 18. Rxe2 b5 19. Qg4 Qg6 20. Qxg6 hxg6 21.
Bf4 Rc8 22. b4 Kf8 23. f3 Nd8 24. Kf2 Ne6 25. Bg3 Ke7 26. Ke1 Kd7 27. Kd2 Ra8
28. Kd3 a5 29. a3 a4 30. Re1 c6 31. Re2 Rh8 1/2-1/2

[Event "POLFINAL MISTRZOSTW POLSKI JUNIOROW 2017 - C13"]
[Site "Jastrzebia Gora"]
[Date "2017-11-15"]
[Round "6.5"]
[White "Kania, Dominik"]
[Black "Strepikowski, Pawel"]
[Result "1-0"]
[WhiteTitle "II+"]
[BlackTitle "II"]
[WhiteElo "1577"]
[BlackElo "1382"]

1. d4 d5 2. Bf4 Nf6 3. Nf3 e6 4. e3 Nbd7 5. Nbd2 Be7 6. h3 c5 7. c3 b6 8. Bd3 Bb7
9. O-O O-O 10. Ne5 Nxe5 11. Bxe5 Qc8 12. Qe2 c4 13. Bc2 Nd7 14. Bg3 Nf6 15. f3
Nh5 16. Bh2 Bh4 17. f4 g6 18. g4 Ng7 19. g5 e5 20. Nf3 Qxh3 21. Qg2 Qxg2+ 22.
Kxg2 Bxg5 23. fxg5 e4 24. Ne5 Nf5 25. Ng4 Bc8 26. Be5 Nh4+ 27. Kg3 Bxg4 28. Kxh4
Bf5 29. Bf6 a5 30. Bd1 b5 31. Rh1 b4 32. Kg3 bxc3 33. Be2 cxb2 34. Rxh7 1-0

[Event "POLFINAL MISTRZOSTW POLSKI JUNIOROW 2017 - C13"]
[Site "Jastrzebia Gora"]
[Date "2017-11-15"]
[Round "6.6"]
[White "Kossowski, Pawel"]
[Black "Majewski, Krzysztof"]
[Result "0-1"]
[WhiteTitle "II"]
[BlackTitle "II"]
[WhiteElo "1446"]
[BlackElo "1521"]

1. e4 c5 2. Nf3 d6 3. d4 cxd4 4. Nxd4 Nf6 5. Nc3 a6 6. Be3 Nc6 7. Be2 Bd7 8. f3
Nxd4 9. Bxd4 e5 10. Be3 Be7 11. Qd2 Rc8 12. g4 Bc6 13. O-O-O b5 14. Nd5 Nxd5 15.
exd5 Bd7 16. g5 f5 17. f4 e4 18. Bd4 Rg8 19. h4 a5 20. Rdg1 Qc7 21. Kb1 Qb7 22.
Bf2 b4 23. Rc1 Bb5 24. Rhd1 Bxe2 25. Qxe2 g6 26. h5 Kd7 27. hxg6 hxg6 28. Qd2
Qc7 29. Rh1 Rh8 30. Bd4 Rxh1 31. Rxh1 Qc4 32. Be3 a4 33. Rc1 Rh8 34. c3 b3 35.
a3 Rh3 36. Re1 Bd8 37. Kc1 Kc8 38. Qd4 Qxd4 39. Bxd4 Rf3 40. Be3 Kb7 41. Kd2 Bb6
42. Bxb6 Kxb6 43. Rh1 Rxf4 44. Rh6 Rf2+ 45. Kc1 Kc5 46. Rxg6 Kc4 47. Rh6 Rg2 48.
g6 Kd3 49. Rh3+ e3 50. Rh1 Rxg6 0-1

[Event "POLFINAL MISTRZOSTW POLSKI JUNIOROW 2017 - C13"]
[Site "Jastrzebia Gora"]
[Date "2017-11-15"]
[Round "6.7"]
[White "Kojlo, Szymon"]
[Black "Lokaj, Bartlomiej"]
[Result "1-0"]
[WhiteTitle "II"]
[BlackTitle "II"]
[WhiteElo "1376"]
[BlackElo "1488"]

1. e4 e5 2. Nf3 Nc6 3. Bb5 Nf6 4. O-O Be7 5. Re1 a6 6. Ba4 b5 7. Bb3 O-O 8. a4
b4 9. c3 Rb8 10. d4 bxc3 11. bxc3 d6 12. h3 exd4 13. cxd4 Be6 14. d5 Na5 15. dxe6
Nxb3 16. exf7+ Rxf7 17. Ra3 Nxc1 18. Qxc1 Nd7 19. Nc3 Ne5 20. Nd5 Nxf3+ 21. Rxf3
Rxf3 22. gxf3 Bf8 23. Qxc7 Qg5+ 24. Kf1 Rb2 25. Qc4 Kh8 26. Qc8 Kg8 27. Qe6+ Kh8
28. Qf7 Rb8 29. f4 Qh4 30. Qf5 Kg8 31. Qe6+ Kh8 32. Qg4 Qd8 33. Rc1 Qe8 34. Rc4
a5 35. Kg2 Rd8 36. Qf5 g6 37. Qf6+ Bg7 38. Qe7 Qg8 39. Rc7 Re8 40. Qxd6 Rxe4 41.
Nf6 Re6 42. Nxg8 Rxd6 43. Rc8 Rd4 44. Ne7+ Bf8 45. Rxf8+ Kg7 46. Ra8 Rxa4 47.
Nc6 Rxf4 48. Rxa5 Rf6 49. Ra7+ Kh6 50. Ne5 Rf5 51. Ng4+ 1-0

[Event "POLFINAL MISTRZOSTW POLSKI JUNIOROW 2017 - C13"]
[Site "Jastrzebia Gora"]
[Date "2017-11-15"]
[Round "6.8"]
[White "Poltorak, Sebastian"]
[Black "Gardian, Adam"]
[Result "1/2-1/2"]
[WhiteTitle "I"]
[BlackTitle "II"]
[WhiteElo "1716"]
[BlackElo "1360"]

1. d4 Nf6 2. c4 g6 3. Nc3 Bg7 4. e4 d6 5. f3 O-O 6. Nge2 e5 7. Be3 exd4 8. Nxd4
c6 9. Be2 Re8 10. Bf2 d5 11. exd5 cxd5 12. O-O Nc6 13. Qd2 Ne5 14. Bh4 Nxc4 15.
Bxc4 dxc4 16. Rae1 Be6 17. Qf2 Qa5 18. Nxe6 Rxe6 19. Rxe6 fxe6 20. Qe2 Qc5+ 21.
Kh1 Re8 22. Bxf6 Bxf6 23. Ne4 Qd4 24. Rd1 Qxb2 25. Qxc4 Re7 26. Qd3 Kg7 27. a3
Qe5 28. g3 Rc7 29. f4 Qb2 30. Rd2 Qb6 31. Kg2 Qc6 32. Kh3 Rf7 33. Rc2 Qd5 34.
Qe2 1/2-1/2

[Event "POLFINAL MISTRZOSTW POLSKI JUNIOROW 2017 - C13"]
[Site "Jastrzebia Gora"]
[Date "2017-11-15"]
[Round "6.9"]
[White "Dziendziel, Mateusz"]
[Black "Paprocki, Stanislaw"]
[Result "0-1"]
[WhiteTitle "II"]
[BlackTitle "I"]
[WhiteElo "1557"]
[BlackElo "1663"]

1. e4 c5 2. Nc3 d6 3. f4 g6 4. Bc4 Bg7 5. Nf3 Nc6 6. O-O e6 7. d3 Nge7 8. Qe1 O-O
9. Qh4 Nd4 10. Qf2 a6 11. a4 b6 12. Ba2 Nec6 13. Be3 Bd7 14. g4 b5 15. Nd1 bxa4
16. Ng5 Nb4 17. Bb1 Nbc6 18. Nc3 f6 19. Nf3 Nxf3+ 20. Qxf3 Nd4 21. Qf2 f5 22.
h3 Rb8 23. Bc1 Qe8 24. Re1 Kh8 25. exf5 gxf5 26. Ba2 Bc6 27. Bd5 Bxd5 28. Nxd5
Qc6 29. Ne7 Qb7 30. gxf5 Nf3+ 31. Kf1 Nxe1 32. Ng6+ hxg6 33. Qh4+ Kg8 34. fxg6
Bf6 35. Qxe1 Qh1+ 0-1

[Event "POLFINAL MISTRZOSTW POLSKI JUNIOROW 2017 - C13"]
[Site "Jastrzebia Gora"]
[Date "2017-11-15"]
[Round "6.10"]
[White "Budzisz, Adrian"]
[Black "Szafranski, Maciej"]
[Result "1/2-1/2"]
[WhiteTitle "II"]
[BlackTitle "II"]
[WhiteElo "1312"]
[BlackElo "1485"]

1. e4 c5 2. Nf3 d6 3. d3 Nc6 4. g3 g6 5. Bg2 Bg7 6. O-O e6 7. Re1 Nge7 8. Nbd2
O-O 9. h4 Rb8 10. Nf1 b5 11. N1h2 Bb7 12. Ng5 b4 13. h5 h6 14. Nh3 g5 15. f4 f6
16. g4 Nd4 17. Bd2 a5 18. c3 Ndc6 19. Rf1 Qc7 20. Qc1 Ba6 21. c4 Nd4 22. Rf2 Bb7
23. Nf3 Nec6 24. Be3 e5 25. f5 Ra8 26. Bxd4 Nxd4 27. Nxd4 cxd4 28. Rf1 Qc5 29.
b3 Bc6 30. Qb2 Ra6 31. Bf3 Rfa8 32. a4 Kf7 33. Kf2 1/2-1/2

[Event "POLFINAL MISTRZOSTW POLSKI JUNIOROW 2017 - C13"]
[Site "Jastrzebia Gora"]
[Date "2017-11-15"]
[Round "6.11"]
[White "Rozalski, Marcin"]
[Black "Bartlomowicz, Jakub"]
[Result "0-1"]
[WhiteTitle "II"]
[BlackTitle "II"]
[WhiteElo "1153"]
[BlackElo "1479"]

1. e4 c5 2. Nf3 Nc6 3. d4 cxd4 4. Nxd4 g6 5. Nc3 Bg7 6. Be3 Nf6 7. f3 O-O 8. Qd2
d5 9. Nxc6 bxc6 10. O-O-O Bb7 11. e5 Nd7 12. f4 e6 13. Na4 f6 14. Nc5 Nxc5 15.
Bxc5 Rf7 16. exf6 Qxf6 17. Bd4 Qxf4 18. Bxg7 Qxd2+ 19. Rxd2 Kxg7 20. Be2 Raf8
21. Bg4 e5 22. Re1 e4 23. c4 Kf6 24. Kc2 Ke5 25. Kc3 h5 26. Bh3 g5 27. g3 Rf2
28. Red1 h4 29. Bg4 hxg3 30. hxg3 Rxd2 31. Rxd2 Rd8 32. Rd4 c5 33. Rd1 d4+ 34.
Kd2 Rh8 35. Rf1 Rh2+ 36. Kd1 d3 37. Rf5+ Kd4 38. Kc1 e3 39. Rf7 Rh1+ 0-1

[Event "POLFINAL MISTRZOSTW POLSKI JUNIOROW 2017 - C13"]
[Site "Jastrzebia Gora"]
[Date "2017-11-15"]
[Round "6.12"]
[White "Syrkiewicz, Michal"]
[Black "Maron, Wojciech"]
[Result "1-0"]
[WhiteTitle "II"]
[BlackTitle "III"]
[WhiteElo "1545"]
[BlackElo "1128"]

1. c4 e5 2. g3 g6 3. Bg2 Bg7 4. e4 Nf6 5. Nc3 d6 6. Nge2 Nc6 7. O-O O-O 8. d3 a6
9. f4 exf4 10. Bxf4 Bg4 11. h3 Bxe2 12. Nxe2 Nh5 13. Be3 Bxb2 14. Rb1 Bg7 15.
Rxb7 Rb8 16. Rb3 Rxb3 17. axb3 Qb8 18. Bg5 Nd4 19. Nxd4 Nxg3 20. Bf6 Nxf1 21.
Qxf1 Qb6 22. Kh2 c5 23. Nc2 Qxb3 24. Bxg7 Kxg7 25. Ne3 Qb2 26. Nd5 f5 27. Qf4
Qe5 28. Qxe5+ dxe5 29. exf5 gxf5 30. Nc7 Kf6 31. Nxa6 f4 32. Nxc5 Ke7 33. Be4
h6 34. Bf3 Rb8 35. h4 Rb1 36. Kg2 Re1 37. Kf2 Rc1 38. h5 Rc2+ 39. Be2 Kd6 40.
Ne4+ Ke6 41. Kf3 1-0

[Event "POLFINAL MISTRZOSTW POLSKI JUNIOROW 2017 - C13"]
[Site "Jastrzebia Gora"]
[Date "2017-11-15"]
[Round "6.13"]
[White "Szymanczyk, Lukasz"]
[Black "Kupis, Pawel"]
[Result "1/2-1/2"]
[WhiteTitle "II"]
[BlackTitle "II"]
[WhiteElo "1158"]
[BlackElo "1308"]

1. e4 e5 2. Nf3 Nc6 3. d4 exd4 4. Nxd4 Qf6 5. c3 Bc5 6. Be3 Nge7 7. Bc4 Ne5 8.
Be2 Qg6 9. Nb5 Bd6 10. Nxd6+ cxd6 11. O-O Qxe4 12. Qxd6 N5c6 13. Bf3 Qe6 14. Qxe6
dxe6 15. Rd1 O-O 16. Na3 Ne5 17. Be4 N7c6 18. Rd2 f5 19. Bc2 b6 20. Rad1 f4 21.
Bd4 Bb7 22. Bxe5 Nxe5 23. Re2 Nc6 24. Rxe6 Rad8 25. Red6 Rfe8 26. Rxd8 Rxd8 27.
Rxd8+ Nxd8 28. g3 fxg3 29. fxg3 Kf7 30. Kf1 g6 31. Nc4 Bd5 1/2-1/2

[Event "POLFINAL MISTRZOSTW POLSKI JUNIOROW 2017 - C13"]
[Site "Jastrzebia Gora"]
[Date "2017-11-15"]
[Round "6.14"]
[White "Pieczulis, Blazej"]
[Black "Bekier, Piotr"]
[Result "1/2-1/2"]
[WhiteTitle "II"]
[BlackTitle "II"]
[WhiteElo "1229"]
[BlackElo "1193"]

1. d4 e6 2. Nf3 d5 3. Bf4 c5 4. c3 Qb6 5. Qc2 Nc6 6. e3 Nf6 7. Nbd2 cxd4 8. exd4
Bd7 9. Bd3 Rc8 10. a3 Na5 11. O-O Bd6 12. Be5 Ke7 13. b4 Nc4 14. Nxc4 dxc4 15.
Be2 Bc6 16. Bxd6+ Kxd6 17. Ne5 Ke7 18. Nxc4 Qc7 19. Ne5 Be4 20. Qa4 Qxc3 21. Nf3
Qc2 22. Qxc2 Rxc2 23. Rfe1 Rhc8 24. Ng5 Bg6 25. Bf3 b6 26. d5 h6 27. Nh3 Rd2 28.
dxe6 fxe6 29. Nf4 Bf5 30. Ne2 Rcc2 31. Ng3 Bg4 32. Bxg4 Nxg4 33. Ne4 Re2 34. Rxe2
Rxe2 35. Ng3 Rc2 36. Ne4 1/2-1/2

[Event "POLFINAL MISTRZOSTW POLSKI JUNIOROW 2017 - C13"]
[Site "Jastrzebia Gora"]
[Date "2017-11-15"]
[Round "6.15"]
[White "Mocko, Maciej"]
[Black "Grzechowiak, Kacper"]
[Result "1-0"]
[WhiteTitle "II"]
[BlackTitle "II"]
[WhiteElo "1263"]
[BlackElo "1289"]

1. e4 c6 2. d4 d5 3. e5 Bf5 4. Nf3 e6 5. Be3 Nd7 6. Nbd2 Qc7 7. Nh4 Ne7 8. c4 Bg6
9. Be2 dxc4 10. Nxc4 Nd5 11. Bd2 Be7 12. Nxg6 hxg6 13. a3 N7b6 14. O-O Nxc4 15.
Bxc4 Kd7 16. Qf3 Raf8 17. Bxd5 exd5 18. Qg4+ Kd8 19. Bf4 Qd7 20. Qg3 Bh4 21. Bg5+
Bxg5 22. Qxg5+ Qe7 23. Qxe7+ Kxe7 24. b4 Rc8 25. g3 Ra8 26. Rfc1 Rhc8 27. a4 f6
28. b5 fxe5 29. dxe5 c5 30. f4 c4 31. Rd1 Rd8 32. Rac1 Rac8 33. Rd4 Ke6 34. Rc3
Rd7 35. g4 Ra8 36. Kf2 a6 37. Rd2 axb5 38. axb5 Ra5 39. Rb2 Ra4 40. Rbc2 Rb4 41.
h4 Rxb5 42. h5 gxh5 43. gxh5 Kf5 44. Kf3 Rc5 45. Rg2 Rc6 46. Rg5+ Ke6 47. Rg6+
Kf7 48. f5 Rxg6 49. hxg6+ Kf8 50. Ra3 Ke7 51. Ra8 c3 52. Ke2 Rc7 53. Rg8 b5 54.
Rxg7+ Kd8 55. Rxc7 Kxc7 56. g7 1-0

[Event "POLFINAL MISTRZOSTW POLSKI JUNIOROW 2017 - C13"]
[Site "Jastrzebia Gora"]
[Date "2017-11-15"]
[Round "7.1"]
[White "Kosior, Jan"]
[Black "Panek, Bartosz"]
[Result "0-1"]
[WhiteTitle "II"]
[BlackTitle "I"]
[WhiteElo "1605"]
[BlackElo "1618"]

1. e4 c5 2. Nf3 e6 3. d4 cxd4 4. Nxd4 Nc6 5. Nc3 Qc7 6. Ndb5 Qb8 7. Be2 a6 8. Nd4
Nf6 9. O-O Bb4 10. Bf3 O-O 11. a3 Bxc3 12. bxc3 d6 13. a4 e5 14. Nxc6 bxc6 15.
Ba3 Rd8 16. c4 Be6 17. Qe2 Qc7 18. Rfd1 Rd7 19. Re1 Qa5 20. h3 Qc3 21. c5 dxc5
22. Bb2 Qxb2 23. Rab1 Qc3 24. Kh2 Bc4 25. Qe3 Qxe3 26. Rxe3 a5 27. Rc3 Rd4 28.
Rb7 g6 29. Rc7 Ra6 30. Re7 Be6 31. Rxc5 Nd7 32. Rc3 Kf8 33. Be2 Rb6 34. Rxe6 fxe6
35. Rc5 Nxc5 36. Bb5 cxb5 37. c4 bxc4 38. f4 Rb2 39. fxe5 Rdd2 40. h4 Rxg2+ 41.
Kh3 Nxe4 42. h5 Rg3+ 43. Kh4 Rh2# 0-1

[Event "POLFINAL MISTRZOSTW POLSKI JUNIOROW 2017 - C13"]
[Site "Jastrzebia Gora"]
[Date "2017-11-15"]
[Round "7.2"]
[White "Dzida, Kamil"]
[Black "Czarnomski, Dominik"]
[Result "1-0"]
[WhiteTitle "I++"]
[BlackTitle "II"]
[WhiteElo "1881"]
[BlackElo "1532"]

1. e4 e6 2. d4 d5 3. Nd2 Nf6 4. e5 Nfd7 5. f4 c5 6. c3 Nc6 7. Ndf3 cxd4 8. cxd4
f6 9. Bd3 Bb4+ 10. Bd2 Qb6 11. Ne2 O-O 12. O-O Bxd2 13. Qxd2 f5 14. h3 g6 15.
g4 Kh8 16. gxf5 gxf5 17. Kh2 Rg8 18. Rg1 Rxg1 19. Rxg1 Nf8 20. Qe1 Bd7 21. Qh4
Qd8 22. Qh6 Qe7 23. Ng3 Nd8 24. Nh5 Be8 25. Rg7 Nf7 26. Rg8+ Kxg8 27. Qg7# 1-0

[Event "POLFINAL MISTRZOSTW POLSKI JUNIOROW 2017 - C13"]
[Site "Jastrzebia Gora"]
[Date "2017-11-15"]
[Round "7.3"]
[White "Majewski, Krzysztof"]
[Black "Kania, Dominik"]
[Result "1/2-1/2"]
[WhiteTitle "II"]
[BlackTitle "II+"]
[WhiteElo "1521"]
[BlackElo "1577"]

1. e4 Nf6 2. e5 Nd5 3. c4 Nb6 4. d4 d6 5. Nf3 g6 6. Be2 Bg7 7. O-O O-O 8. Nc3 Bf5
9. Bf4 Nc6 10. exd6 cxd6 11. d5 Ne5 12. Nxe5 dxe5 13. Be3 e4 14. Bd4 f6 15. Rc1
Bh6 16. Be3 Bxe3 17. fxe3 Rc8 18. b3 Qd6 19. Nb5 Qe5 20. Qd4 Qb8 21. c5 a6 22.
cxb6 axb5 23. Bxb5 Qd6 24. Rc4 Rfd8 25. Rfc1 Qa3 26. Rxc8 Rxc8 27. Rxc8+ Bxc8
28. Qc4 Bf5 29. d6+ Kf8 30. d7 Qd6 31. Qc8+ Kg7 32. d8=Q Bxc8 33. Qxc8 Qxb6 34.
Qc4 Qxe3+ 35. Kf1 Qf4+ 36. Ke1 Qe3+ 37. Qe2 Qc1+ 38. Kf2 Qc5+ 39. Kf1 Qf5+ 40.
Kg1 1/2-1/2

[Event "POLFINAL MISTRZOSTW POLSKI JUNIOROW 2017 - C13"]
[Site "Jastrzebia Gora"]
[Date "2017-11-15"]
[Round "7.4"]
[White "Iwaszkiewicz, Krzysztof"]
[Black "Kojlo, Szymon"]
[Result "1-0"]
[WhiteTitle "II"]
[BlackTitle "II"]
[WhiteElo "1542"]
[BlackElo "1376"]

1. d4 Nf6 2. c4 e6 3. Nc3 Bb4 4. Qc2 c5 5. Nf3 Bxc3+ 6. bxc3 h6 7. Bf4 d6 8. h3
O-O 9. e3 Re8 10. Be2 b6 11. O-O Nc6 12. Rfd1 cxd4 13. cxd4 Bb7 14. Rac1 Qe7 15.
Bg3 e5 16. Qb2 e4 17. Nd2 Nd7 18. Nb3 Rad8 19. Rd2 f5 20. a3 Nf6 21. Rdc2 d5 22.
cxd5 Nxd5 23. Rxc6 Bxc6 24. Rxc6 Rc8 25. Qc1 Qb7 26. Rc4 Kh8 27. Qb2 Rxc4 28.
Bxc4 Rc8 29. Nd2 Qc6 30. Qb3 Rd8 31. Kh2 Nc7 32. a4 a6 33. Qb4 Nd5 34. Bxd5 Rxd5
35. Nc4 b5 36. Ne5 Qb7 37. Qf8+ Kh7 38. Qxf5+ Kg8 39. Qe6+ Kh7 40. Qg6+ Kg8 41.
Ng4 Kh8 42. axb5 axb5 43. Be5 Rd7 44. Qxh6+ Kg8 45. Qg6 Kf8 46. Bd6+ Rxd6 47.
Qxd6+ Kg8 48. Qb4 Qc7+ 49. Ne5 Qb7 50. g4 Kh7 51. Kg3 Qb6 52. h4 Qb8 53. Kf4 Qb6
54. g5 Qb7 55. g6+ Kh6 56. Qf8 1-0

[Event "POLFINAL MISTRZOSTW POLSKI JUNIOROW 2017 - C13"]
[Site "Jastrzebia Gora"]
[Date "2017-11-15"]
[Round "7.5"]
[White "Oleksy, Krzysztof"]
[Black "Topola, Rafal"]
[Result "1/2-1/2"]
[WhiteTitle "I"]
[BlackTitle "I"]
[WhiteElo "1496"]
[BlackElo "1535"]

1. d4 d5 2. Nc3 e6 3. e4 dxe4 4. Nxe4 Be7 5. Nf3 Nf6 6. Bd3 O-O 7. Qe2 Nbd7 8.
Bd2 b6 9. O-O-O Bb7 10. Nxf6+ Nxf6 11. Rhg1 Qd5 12. Kb1 c5 13. c4 Qd7 14. dxc5
bxc5 15. Bc3 Qc7 16. Ne5 Rad8 17. g4 Nd7 18. g5 Nxe5 19. Bxe5 Qc6 20. Bf6 Bxf6
21. gxf6 g6 22. Rg3 Qd6 23. Qe3 Qd4 24. Qxd4 Rxd4 25. Be2 Rfd8 26. Rxd4 Rxd4 27.
Kc1 Rf4 28. Rb3 Rxf6 29. Rxb7 Rxf2 30. Kd2 Rxh2 31. Rxa7 h5 32. Ra3 g5 33. Ke1
h4 34. Re3 Rh1+ 35. Kf2 Rb1 36. Rb3 f5 37. a4 g4 38. Kg2 h3+ 39. Kh2 Ra1 40. Ra3
Rb1 41. Rb3 1/2-1/2

[Event "POLFINAL MISTRZOSTW POLSKI JUNIOROW 2017 - C13"]
[Site "Jastrzebia Gora"]
[Date "2017-11-15"]
[Round "7.6"]
[White "Paprocki, Stanislaw"]
[Black "Kietrys, Maciej"]
[Result "1-0"]
[WhiteTitle "I"]
[BlackTitle "I"]
[WhiteElo "1663"]
[BlackElo "1537"]

1. e4 g6 2. d4 Bg7 3. Nc3 d6 4. Be3 a6 5. f4 b5 6. a3 Nf6 7. Be2 O-O 8. Bf3 c6
9. g4 e5 10. dxe5 dxe5 11. f5 Qc7 12. g5 Rd8 13. Qe2 Ne8 14. f6 Bf8 15. h4 Be6
16. h5 c5 17. hxg6 fxg6 18. Qh2 Nc6 19. Nd5 Qf7 20. Qf2 Nd4 21. Bg2 Nd6 22. Bxd4
exd4 23. Nf4 Nc4 24. O-O-O Ne3 25. Re1 Bg4 26. Nd5 b4 27. a4 b3 28. c3 Rab8 29.
Nf3 Bxf3 30. Bxf3 Bd6 31. Qh4 Re8 32. Nxe3 dxe3 33. Rd1 Rbd8 34. e5 Rxe5 35. Bd5
Rxd5 36. Rxd5 e2 37. Rd2 Qc7 38. Rxe2 Bf4+ 39. Kb1 Qd7 40. Ree1 Bd6 41. Re7 Qf5+
42. Ka1 h5 43. Qc4+ Kh8 44. Qf7 Bxe7 45. Qg7# 1-0

[Event "POLFINAL MISTRZOSTW POLSKI JUNIOROW 2017 - C13"]
[Site "Jastrzebia Gora"]
[Date "2017-11-15"]
[Round "7.7"]
[White "Strepikowski, Pawel"]
[Black "Poltorak, Sebastian"]
[Result "0-1"]
[WhiteTitle "II"]
[BlackTitle "I"]
[WhiteElo "1382"]
[BlackElo "1716"]

1. e4 c6 2. d4 d5 3. exd5 cxd5 4. Bd3 Nc6 5. c3 Qc7 6. h3 Nf6 7. Nf3 g6 8. O-O
Bf5 9. Bxf5 gxf5 10. Nbd2 e6 11. Re1 Bd6 12. Qe2 Ne4 13. Nxe4 fxe4 14. Nd2 O-O-O
15. b4 Rhg8 16. Nb3 Rg6 17. Kh1 Rdg8 18. Rg1 Bh2 19. Bd2 Bxg1 20. Rxg1 Qd8 21.
Bf4 Qf6 22. Bg3 Rxg3 23. fxg3 Rxg3 24. Qc2 Qf4 25. c4 Nxb4 26. Qe2 Qe3 27. Qh5
Nd3 28. cxd5 Rg6 29. dxe6 Nf2+ 30. Kh2 Qg3# 0-1

[Event "POLFINAL MISTRZOSTW POLSKI JUNIOROW 2017 - C13"]
[Site "Jastrzebia Gora"]
[Date "2017-11-15"]
[Round "7.8"]
[White "Gardian, Adam"]
[Black "Syrkiewicz, Michal"]
[Result "1-0"]
[WhiteTitle "II"]
[BlackTitle "II"]
[WhiteElo "1360"]
[BlackElo "1545"]

1. d4 d5 2. Bf4 Nf6 3. e3 Bf5 4. c4 e6 5. Nc3 c6 6. Qb3 Qb6 7. c5 Qxb3 8. axb3
a6 9. b4 Be7 10. b5 O-O 11. Nf3 Ne4 12. Nxe4 dxe4 13. Ne5 f6 14. Nc4 Nd7 15. bxc6
bxc6 16. Nd6 Bxd6 17. Bxd6 Rfc8 18. Bc4 Ra7 19. Ra5 Kh8 20. O-O Rca8 21. Rfa1
Nb8 22. Bxb8 Rxb8 23. Rxa6 Rab7 24. b3 Rc7 25. Ra8 Rcc8 26. Rxb8 Rxb8 27. Ra6
Rc8 28. h3 e5 29. b4 exd4 30. exd4 h6 31. d5 cxd5 32. Bxd5 Rd8 33. Ra8 Rxa8 34.
Bxa8 Kg8 35. b5 Kf8 36. b6 Ke7 37. b7 1-0

[Event "POLFINAL MISTRZOSTW POLSKI JUNIOROW 2017 - C13"]
[Site "Jastrzebia Gora"]
[Date "2017-11-15"]
[Round "7.9"]
[White "Bartlomowicz, Jakub"]
[Black "Kossowski, Pawel"]
[Result "1-0"]
[WhiteTitle "II"]
[BlackTitle "II"]
[WhiteElo "1479"]
[BlackElo "1446"]

1. e4 e5 2. Nf3 Nc6 3. Bc4 Bc5 4. c3 Nf6 5. d3 a6 6. Bb3 Ba7 7. O-O d6 8. Nbd2
O-O 9. h3 Be6 10. Re1 Re8 11. Nf1 d5 12. exd5 Bxd5 13. Bg5 Bxb3 14. Qxb3 Rb8 15.
Rad1 h6 16. Bh4 Qd5 17. Bxf6 Qxb3 18. axb3 gxf6 19. Ng3 Kg7 20. Nh4 Re6 21. Re4
Ne7 22. Rde1 c5 23. Ngf5+ Nxf5 24. Rg4+ Kh7 25. Nxf5 Rg8 26. Nxh6 Rxg4 27. Nxg4
Bb8 28. Ne3 Rb6 29. Nd5 Rd6 30. c4 b5 31. g4 bxc4 32. dxc4 Kg6 33. h4 Rd8 34.
Rd1 Rh8 35. Ne7+ Kh6 36. Nf5+ Kg6 37. Ra1 Rd8 38. Rxa6 Rd1+ 39. Kg2 Rd2 40. Rb6
Ba7 41. Rb7 1-0

[Event "POLFINAL MISTRZOSTW POLSKI JUNIOROW 2017 - C13"]
[Site "Jastrzebia Gora"]
[Date "2017-11-15"]
[Round "7.11"]
[White "Szafranski, Maciej"]
[Black "Dziendziel, Mateusz"]
[Result "1/2-1/2"]
[WhiteTitle "II"]
[BlackTitle "II"]
[WhiteElo "1485"]
[BlackElo "1557"]

1. e4 c6 2. d4 d5 3. Nc3 dxe4 4. Nxe4 Bf5 5. Ng3 Bg6 6. Nf3 Nd7 7. h4 h6 8. h5
Bh7 9. Bd3 Bxd3 10. Qxd3 e6 11. Bd2 Qc7 12. Qe2 Ngf6 13. O-O-O O-O-O 14. Kb1 Bd6
15. Ne4 Nxe4 16. Qxe4 Nf6 17. Qe2 Kb8 18. g3 Ka8 19. Be3 Nd5 20. c4 Nxe3 21. Qxe3
Rhe8 22. c5 Be7 23. Qe5 Qxe5 24. Nxe5 Rd5 25. f4 Rf8 26. Kc2 Bf6 27. Kc3 Kb8 28.
Kc4 Kc7 29. a4 Bxe5 30. fxe5 f5 31. Rhf1 Rfd8 32. b4 a6 33. Rd3 R8d7 34. Rb1 b5+
35. Kc3 bxa4 36. Ra1 Kb7 37. Rxa4 Rd8 38. Kc4 R5d7 39. Ra1 g5 40. hxg6 Rg7 41.
Rda3 Ra8 42. Rf3 Rxg6 43. Rg1 Rf8 44. Rf4 Rfg8 45. Rh4 Kc7 46. Ra1 Ra8 47. Rah1
Rh8 1/2-1/2

[Event "POLFINAL MISTRZOSTW POLSKI JUNIOROW 2017 - C13"]
[Site "Jastrzebia Gora"]
[Date "2017-11-15"]
[Round "7.12"]
[White "Kupis, Pawel"]
[Black "Mocko, Maciej"]
[Result "1/2-1/2"]
[WhiteTitle "II"]
[BlackTitle "II"]
[WhiteElo "1308"]
[BlackElo "1263"]

1. e4 d5 2. exd5 Qxd5 3. Nc3 Qa5 4. Nf3 Nf6 5. d3 Bg4 6. h3 Bh5 7. Be2 c6 8. Bd2
Nbd7 9. O-O e6 10. Re1 Qc7 11. a3 Bd6 12. Ne4 Bf4 13. Bxf4 Qxf4 14. Qd2 Qxd2 15.
Nfxd2 Bxe2 16. Rxe2 Ke7 17. Ree1 Rad8 18. Rad1 Nxe4 19. Nxe4 Nf6 20. Kf1 Nd5 21.
g3 b6 22. Ke2 Rd7 23. Nd2 Rhd8 24. Nc4 Nc7 25. Kf1 Nb5 26. Rd2 Nd6 27. Nxd6 Rxd6
28. Rde2 Rd5 29. a4 a5 30. Re3 Rc8 31. c4 Rd4 1/2-1/2